Follow That Line: Sherlock (BBC) Quiz Stats

 Plays Quiz Updated Jan 19, 2014

Support Sporcle.
Go Orange.
Score 0/24 Timer 08:00
0 Plays Today
% Correct
I'm a high-functioning sociopath, do your research.
96.3%
'Cause you're an idiot. No no no, don't be like that, practically everyone is.
96%
Because I had a row, in the shop, with a chip and pin machine!
95%
You were thinking. It's annoying.
93.4%
So we go round the Sun. If we went round the moon or round and round the garden like a teddy bear it wouldn't make any difference.
92.5%
I always hear 'Punch me in the face' when you're speaking, but it's usually subtext.
92.5%
Funny doesn't suit you. I'd stick to ice.
91.6%
You heard me perfectly, I'm not saying it again.
88.9%
No you won't!
87.8%
Yes, and then disinfect myself.
85.6%
But don't think for one second that I am one of them.
84.9%
I've just got one.
83.2%
% Correct
No, I don't, which is why I find the face so annoying.
82.9%
I was just talking to your secretary outside. She told me.
82.6%
And honey, you should see me in a crown.
81.7%
We met twice, five minutes in total. I pulled a gun, he tried to blow me up. I felt we had a special something.
80.7%
He's Mr. Punchline. He will outlive God trying to have the last word.
79.7%
Neither do I. But initially, he wanted to be a pirate.
79.6%
Sherlock Holmes, put your trousers on!
76.4%
I have been reliably informed that I don't have one.
75.6%
Bluebell, John! I've got Bluebell, the case of the vanishing glow-in-the-dark rabbit. NATO's in an uproar.
74.6%
Look, I've got a blanket.
74.3%
No, it wasn't. At least I hope not.
70.7%
Yes, if I wanted poetry, I'd read John's emails to his girlfriends. Much funnier.
54.3%

From the Vault

Sporcle Acrostic Puzzle IV

by bhenderson79

Here's a little something to puzzle over.
Remove Ads.
Support Sporcle.
Get the best of Sporcle when you Go Orange. This ad-free experience offers more features, more stats, and more fun while also helping to support Sporcle. Thank you for becoming a member.

Show Comments

Extras

Top Quizzes Today


Score Distribution

Your Account Isn't Verified!

In order to create a playlist on Sporcle, you need to verify the email address you used during registration. Go to your Sporcle Settings to finish the process.

Report this User

Report this user for behavior that violates our Community Guidelines.

Details: